000 00621nam a2200229Ia 4500
003 OSt
005 20220928103822.0
006 a|||||r|||| 00| 0
007 ta
008 220927b |||||||| |||| 00| 0 eng d
024 _a45204
037 _cTextual
040 _aSDCL
_cSDCL
_beng
041 _2eng
_aeng
082 _aO152,1L:g, N3
100 _aSri vastav Shyam bihari
_9407118
245 0 _aBundel khand ke rasho kavya.
260 _aKanpur
_bAaradhna brother's
_c1993
300 _a243p.
_ccm.
942 _hO152,1L:g, N3
_cTEXL
_2CC
999 _c722653
_d722653